[Event "4NCL Division Four"]
[Site "Warwick, ENG"]
[Date "2024.03.09"]
[Round "7.125"]
[White "Richmond, Frank"]
[Black "Portman, Carl S"]
[Result "1/2-1/2"]
[WhiteElo "1864"]
[BlackElo "1916"]
[PlyCount "63"]
[EventDate "2024.03.09"]
[WhiteTeam "Ashfield 2"]
[BlackTeam "War and Piece A"]

1. e4 e6 2. d4 d5 3. e5 c5 4. c3 Nc6 5. Nf3 Qb6 6. a3 Bd7 7. Be2 Nh6 8. Bxh6
gxh6 9. b4 c4 10. O-O a5 11. Nbd2 a4 12. Qc2 Qd8 13. Ne1 Qg5 14. f4 Qg6 15. Qd1
b5 16. Bh5 Qg8 17. Rf3 Be7 18. Rg3 Qf8 19. Qg4 O-O-O 20. Qg7 Bh4 21. Rg4 Qxg7
22. Rxg7 Bxe1 23. Rxe1 Rdg8 24. Rxg8+ Rxg8 25. Bxf7 Rf8 26. Bh5 Rxf4 27. g3 Rf8
28. Bd1 Be8 29. Rf1 Rxf1+ 30. Kxf1 Bg6 31. Nf3 Kd7 32. Ne1 1/2-1/2

[Event "4NCL Division Four"]
[Site "Warwick, ENG"]
[Date "2024.03.09"]
[Round "7.126"]
[White "O'Byrne, Daniel"]
[Black "Radford, Mark Sr"]
[Result "1/2-1/2"]
[WhiteElo "1730"]
[BlackElo "1771"]
[PlyCount "55"]
[EventDate "2024.03.09"]
[WhiteTeam "War and Piece A"]
[BlackTeam "Ashfield 2"]

1. d4 Nf6 2. e3 g6 3. Bd3 Bg7 4. b3 O-O 5. Bb2 d6 6. c4 Nbd7 7. Nf3 Re8 8. O-O
e5 9. dxe5 dxe5 10. Bc2 c6 11. Re1 Qc7 12. h3 Nf8 13. Qe2 b6 14. Nc3 Bb7 15.
Rad1 Qe7 16. Ne4 Nxe4 17. Bxe4 f5 18. Bb1 e4 19. Nd4 Nd7 20. Qd2 Ne5 21. Kh1
Rad8 22. Qe2 Rd7 23. Rd2 Red8 24. Red1 a6 25. Nc2 Nd3 26. Bxg7 Kxg7 27. Ne1
Nxe1 28. Qxe1 1/2-1/2

[Event "4NCL Division Four"]
[Site "Warwick, ENG"]
[Date "2024.03.09"]
[Round "7.127"]
[White "Flynn, David"]
[Black "Lewis, Stephen"]
[Result "1/2-1/2"]
[WhiteElo "1912"]
[BlackElo "1893"]
[PlyCount "84"]
[EventDate "2024.03.09"]
[WhiteTeam "Ashfield 2"]
[BlackTeam "Iceni 2"]

1. e4 c5 2. Nc3 g6 3. d4 b6 4. dxc5 Bg7 5. Be3 bxc5 6. Bxc5 Nc6 7. Nf3 Qa5 8.
Be3 Bxc3+ 9. bxc3 Qxc3+ 10. Bd2 Qc5 11. Rb1 Nd4 12. Nxd4 Qxd4 13. Bd3 Nf6 14.
O-O O-O 15. Rb4 Qe5 16. Rb5 d5 17. Re1 Ng4 18. g3 Qf6 19. Qe2 Bd7 20. Rb4 Ne5
21. f4 Nxd3 22. Qxd3 a5 23. Bc3 Qxc3 24. Qxc3 axb4 25. Qxb4 dxe4 26. Qxe7 Bf5
27. a3 Rfc8 28. Rd1 e3 29. Qxe3 Rxc2 30. Rd2 Rxd2 31. Qxd2 Rxa3 32. Qe2 Ra8 33.
g4 Be6 34. Qe3 Ra1+ 35. Kf2 Ra5 36. h3 h5 37. Qd3 Ra2+ 38. Kg3 hxg4 39. hxg4
Rb2 40. Qd8+ Kh7 41. Qf6 Rb5 42. Qe7 Kg7 1/2-1/2

[Event "4NCL Division Four"]
[Site "Warwick, ENG"]
[Date "2024.03.09"]
[Round "7.128"]
[White "Donaghay, Richard H"]
[Black "Gunarathne, Senith Thenula"]
[Result "1-0"]
[WhiteElo "1805"]
[BlackElo "1879"]
[PlyCount "145"]
[EventDate "2024.03.09"]
[WhiteTeam "Iceni 2"]
[BlackTeam "Ashfield 2"]

1. e4 c5 2. Nc3 d6 3. g3 Nf6 4. Bg2 e6 5. Nge2 Be7 6. O-O Nc6 7. f4 a6 8. Kh1
b5 9. e5 Nd5 10. Nxd5 exd5 11. Bxd5 Bb7 12. exd6 Qxd6 13. Bf3 O-O 14. d3 Rfe8
15. Bd2 Qd7 16. Bc3 b4 17. Be1 Bf6 18. Rb1 Qh3 19. Bf2 Ne5 20. Bxb7 Ng4 21. Bg1
Ra7 22. Bg2 Qh5 23. Bf3 Rae7 24. Kg2 Qg6 25. Bxc5 Rc7 26. Bg1 h5 27. h3 Nh6 28.
Bf2 Nf5 29. Ng1 Bh4 30. Ne2 Bxg3 31. Nxg3 h4 32. Bh5 Qc6+ 33. Bf3 Qg6 34. Bh5
Qc6+ 35. Ne4 Rd7 36. Bg4 Rxe4 37. Qf3 Nd4 38. Bxd4 Qxc2+ 39. Bf2 Rxd3 40. Qxe4
Rg3+ 41. Kh2 Qxe4 42. Bxg3 hxg3+ 43. Kxg3 Qd3+ 44. Bf3 Qg6+ 45. Kh2 Qc2+ 46.
Bg2 Qd2 47. Kh1 Kh7 48. Be4+ Kh6 49. a3 b3 50. f5 Qe3 51. Bg2 Qe5 52. Rf3 Qe2
53. Rxb3 Qc2 54. Rb6+ Kg5 55. Rg1 Kxf5 56. Rxa6 Qxb2 57. a4 g5 58. Rf1+ Ke5 59.
Ra5+ Ke6 60. Rxg5 Qd2 61. Rgf5 Qc2 62. a5 Qc7 63. Rxf7 Qc4 64. a6 Qxa6 65.
R7f6+ Ke5 66. Rxa6 Kd4 67. Rd1+ Ke3 68. Re6+ Kf2 69. Rf1+ Kg3 70. Rg6+ Kh4 71.
Rf8 Kh5 72. Rg4 Kh6 73. Rh8# 1-0

[Event "4NCL Division Four"]
[Site "Warwick, ENG"]
[Date "2024.03.09"]
[Round "7.129"]
[White "Walentowicz, Stefan"]
[Black "Collicott, Peter J"]
[Result "1/2-1/2"]
[WhiteElo "1849"]
[BlackElo "1604"]
[PlyCount "64"]
[EventDate "2024.03.09"]
[WhiteTeam "Ashfield 2"]
[BlackTeam "Iceni 2"]

1. d4 d5 2. Nf3 Nf6 3. e3 Bg4 4. c4 e6 5. h3 Bh5 6. Nc3 c6 7. Be2 dxc4 8. Bxc4
Be7 9. g4 Bg6 10. Ne5 Nbd7 11. Nxd7 Qxd7 12. Be2 h6 13. Bf3 Nd5 14. e4 Nb6 15.
O-O Rd8 16. Be3 Bg5 17. Qe2 O-O 18. Bxg5 hxg5 19. Rad1 Qe7 20. Rd2 Qb4 21. a3
Qe7 22. Ra1 f6 23. Rad1 Bf7 24. d5 exd5 25. exd5 Qxe2 26. Bxe2 cxd5 27. Rd4 Rd7
28. Bb5 Rc7 29. Be2 a6 30. Bf3 Rd8 31. Nxd5 Nxd5 32. Bxd5 Rxd5 1/2-1/2

[Event "4NCL Division Four"]
[Site "Warwick, ENG"]
[Date "2024.03.10"]
[Round "8.11"]
[White "Madan, Augustin"]
[Black "Cooper, John G"]
[Result "1/2-1/2"]
[WhiteElo "2280"]
[BlackElo "2292"]
[PlyCount "27"]
[EventDate "2024.03.10"]
[WhiteTeam "Desert Penguins"]
[BlackTeam "North West Eagles"]

1. f4 c5 2. Nf3 Nf6 3. b3 g6 4. Bb2 Bg7 5. e4 O-O 6. e5 Nd5 7. g3 d6 8. Bg2 Nc6 9. O-O Bg4 10. h3 Bxf3 11. Qxf3 Ndb4 12. Qd1 dxe5 13. f5 gxf5 14. Rxf5 1/2-1/2

[Event "4NCL Division Four"]
[Site "Warwick, ENG"]
[Date "2024.03.10"]
[Round "8.12"]
[White "Redmond, John P"]
[Black "Bharat Kumar, Balahari"]
[Result "1/2-1/2"]
[WhiteElo "2271"]
[BlackElo "2060"]
[PlyCount "80"]
[EventDate "2024.03.10"]
[WhiteTeam "North West Eagles"]
[BlackTeam "Desert Penguins"]

1. Nf3 d5 2. c4 e6 3. g3 Nf6 4. Bg2 Be7 5. O-O O-O 6. d4 b6 7. cxd5 exd5 8. Nc3 Be6 9. Bf4 Nh5 10. Bd2 Nf6 11. Rc1 c6 12. Ne5 Nfd7 13. Nd3 a5 14. Nf4 Bf5 15. e4 dxe4 16. Nxe4 Nf6 17. Nxf6+ Bxf6 18. Be3 g6 19. g4 Bc8 20. h3 Ra7 21. Rc2 Rd7 22. Rd2 Bb7 23. Qa4 Rd6 24. Rfd1 Na6 25. a3 Nc7 26. Qb3 Nd5 27. Nxd5 cxd5 28. Bf4 Rd7 29. Re1 Ba6 30. Qg3 a4 31. g5 Bg7 32. Re3 Re8 33. Be5 Bxe5 34. Rxe5 Bc4 35. f4 Rde7 36. Rd1 Qd6 37. Rde1 Rxe5 38. Rxe5 Rxe5 39. fxe5 Qe6 40. Qf4 Bb3 1/2-1/2

[Event "4NCL Division Four"]
[Site "Warwick, ENG"]
[Date "2024.03.10"]
[Round "8.13"]
[White "Bansal, Rohan"]
[Black "Williamson, Roger G"]
[Result "0-1"]
[WhiteElo "1977"]
[BlackElo "2203"]
[PlyCount "80"]
[EventDate "2024.03.10"]
[WhiteTeam "Desert Penguins"]
[BlackTeam "North West Eagles"]

1. d4 e6 2. c4 d5 3. Nc3 c5 4. cxd5 exd5 5. Nf3 Nc6 6. e3 Nf6 7. Be2 Bd6 8. O-O O-O 9. Nb5 Be7 10. dxc5 Bxc5 11. b3 Ne4 12. Bb2 Re8 13. Rc1 Bb6 14. Nc3 Nf6 15. Rc2 Be6 16. Rd2 Qe7 17. Qa1 Ba5 18. Rdd1 Rad8 19. Nb5 Bb4 20. a3 Ba5 21. b4 Bb6 22. Nbd4 Bg4 23. Rfe1 Rd6 24. h3 Bc8 25. Nb5 Rdd8 26. Rc1 a6 27. Nbd4 Rd6 28. b5 axb5 29. Bxb5 Bd7 30. a4 Nxd4 31. Nxd4 Bxd4 32. Bxd4 Bxb5 33. axb5 Ne4 34. f3 Ng5 35. Bc5 Nxf3+ 36. gxf3 Rg6+ 37. Kf1 Qd7 38. Ke2 Rg2+ 39. Kd3 Qxb5+ 40. Kd4 Rd2+ 0-1

[Event "4NCL Division Four"]
[Site "Warwick, ENG"]
[Date "2024.03.10"]
[Round "8.14"]
[White "Kee, Steve"]
[Black "Quillaud, Maxime"]
[Result "1-0"]
[WhiteElo "2146"]
[BlackElo "1852"]
[PlyCount "73"]
[EventDate "2024.03.10"]
[WhiteTeam "North West Eagles"]
[BlackTeam "Desert Penguins"]

1. c4 e5 2. Nc3 Nf6 3. g3 d5 4. cxd5 Nxd5 5. Bg2 Nb6 6. e3 Nc6 7. Nge2 Be7 8. O-O O-O 9. f4 f6 10. f5 Kh8 11. d4 Nb4 12. a3 exd4 13. exd4 N4d5 14. Qb3 c6 15. Bd2 a5 16. Ne4 a4 17. Qd3 Bd7 18. Rac1 Be8 19. g4 Bf7 20. h4 Nd7 21. Kh1 Qb6 22. g5 Rfd8 23. Qg3 c5 24. g6 Bg8 25. h5 Bf8 26. h6 gxh6 27. dxc5 Qxb2 28. Qh4 Bg7 29. N2g3 Nc7 30. Bxh6 Ne8 31. Nd6 Nxd6 32. Bxg7+ Kxg7 33. Nh5+ Kf8 34. cxd6 Qe5 35. Rcd1 h6 36. g7+ Kf7 37. Qc4+ 1-0

[Event "4NCL Division Four"]
[Site "Warwick, ENG"]
[Date "2024.03.10"]
[Round "8.15"]
[White "Sedykh, Stakhey"]
[Black "Kennaugh, Charles W"]
[Result "0-1"]
[WhiteElo "1601"]
[BlackElo "2221"]
[PlyCount "112"]
[EventDate "2024.03.10"]
[WhiteTeam "Desert Penguins"]
[BlackTeam "North West Eagles"]

1. c4 e5 2. Nc3 Nf6 3. e3 d6 4. Nf3 g6 5. g3 Bg7 6. Bg2 O-O 7. O-O Nc6 8. d4 Qe7 9. a3 a5 10. Nd5 Nxd5 11. cxd5 Nb8 12. Bd2 b6 13. Bc3 e4 14. Nd2 f5 15. f3 Ba6 16. Re1 Bd3 17. fxe4 fxe4 18. Qg4 Re8 19. Bh3 Bh6 20. Rac1 Kg7 21. b3 Qf7 22. Bb2 Ra7 23. Rc3 Rf8 24. Qd1 Bxe3+ 25. Kh1 Qf2 26. Bc1 Bxd4 27. Rxd3 exd3 28. Re7+ Kh8 29. Ne4 Qe2 30. Qxe2 dxe2 31. Bd2 Rf1+ 32. Kg2 e1=Q 33. Bxe1 Rxe1 34. Kf3 Na6 35. Be6 Ra8 36. Ng5 Rf8+ 37. Kg4 Bg7 38. Nf7+ Rxf7 39. Rxf7 Re5 40. Re7 h5+ 41. Kf3 Kh7 42. Re8 Kh6 43. h4 Nc5 44. b4 axb4 45. axb4 Nxe6 46. dxe6 d5 47. e7 d4 48. b5 d3 49. Rd8 Rxe7 50. Rxd3 Be5 51. Rd8 Bd6 52. g4 Rf7+ 53. Kg2 hxg4 54. Kh1 Kg7 55. Re8 Rf5 56. Re4 g3 0-1

[Event "4NCL Division Four"]
[Site "Warwick, ENG"]
[Date "2024.03.10"]
[Round "8.16"]
[White "Duke, Michael"]
[Black "Ding, Yiwen"]
[Result "1-0"]
[WhiteElo "2054"]
[BlackElo "1666"]
[PlyCount "83"]
[EventDate "2024.03.10"]
[WhiteTeam "North West Eagles"]
[BlackTeam "Desert Penguins"]

1. d4 d5 2. c4 e6 3. g3 Nf6 4. Bg2 Be7 5. Nf3 O-O 6. O-O c6 7. Qc2 Nbd7 8. Rd1 b6 9. a4 Bb7 10. a5 Qc7 11. Bg5 h6 12. Bxf6 Bxf6 13. Qa4 Ba6 14. cxd5 Bxe2 15. dxe6 Bxd1 16. exd7 Qxd7 17. Qxd1 Rad8 18. axb6 axb6 19. Nc3 c5 20. Qb3 cxd4 21. Rd1 Qe6 22. Qxe6 fxe6 23. Nb5 e5 24. Nd2 Rc8 25. Nd6 Rc2 26. Bd5+ Kh8 27. Nf7+ Rxf7 28. Bxf7 Rxb2 29. Nc4 Rb4 30. h4 e4 31. h5 d3 32. Re1 g6 33. hxg6 Kg7 34. Rxe4 b5 35. Re8 h5 36. Ne3 Bc3 37. Nf5+ Kf6 38. g7 d2 39. Bxh5 Rb1+ 40. Kg2 Kxf5 41. g8=Q Bg7 42. Qf7+ 1-0

[Event "4NCL Division Four"]
[Site "Warwick, ENG"]
[Date "2024.03.10"]
[Round "8.21"]
[White "Davis, Lee"]
[Black "McLean, Robert"]
[Result "0-1"]
[WhiteElo "2076"]
[BlackElo "2089"]
[PlyCount "106"]
[EventDate "2024.03.10"]
[WhiteTeam "The Full Ponty"]
[BlackTeam "Average Woodpushers"]

1. d4 Nf6 2. c4 e6 3. Nf3 d5 4. g3 Bb4+ 5. Bd2 Be7 6. Bg2 O-O 7. O-O Nbd7 8. cxd5 exd5 9. Nc3 c6 10. Qc2 Re8 11. Bf4 Nb6 12. Ne5 Be6 13. Rfd1 Rc8 14. Rac1 g6 15. e4 dxe4 16. Nxe4 Nxe4 17. Bxe4 Bd5 18. Bxd5 Nxd5 19. Nd3 Nxf4 20. Nxf4 Bg5 21. d5 Bxf4 22. gxf4 cxd5 23. Qxc8 Qxc8 24. Rxc8 Rxc8 25. Rxd5 Rc2 26. Rb5 b6 27. a4 Rc4 28. b4 Rxf4 29. a5 bxa5 30. Rxa5 Rxb4 31. Rxa7 Kg7 32. Kg2 g5 33. Ra6 f6 34. Rc6 Kg6 35. Ra6 h5 36. Ra5 Rb3 37. Rc5 g4 38. Ra5 h4 39. Kf1 f5 40. Ra1 Kg5 41. Ke2 Rh3 42. Rh1 Kf4 43. Ke1 Kf3 44. Kf1 g3 45. fxg3 hxg3 46. Kg1 Rxh2 47. Rxh2 gxh2+ 48. Kxh2 Kf2 49. Kh1 f4 50. Kh2 f3 51. Kh1 Ke2 52. Kh2 f2 53. Kh1 f1=Q+ 0-1

[Event "4NCL Division Four"]
[Site "Warwick, ENG"]
[Date "2024.03.10"]
[Round "8.22"]
[White "Norris, Ethan"]
[Black "Adams, Mark"]
[Result "1-0"]
[WhiteElo "2024"]
[BlackElo "2004"]
[PlyCount "60"]
[EventDate "2024.03.10"]
[WhiteTeam "Average Woodpushers"]
[BlackTeam "The Full Ponty"]

1. e4 c5 2. Nf3 a6 3. c4 Nc6 4. d4 cxd4 5. Nxd4 e5 6. Nf5 d5 7. cxd5 Bxf5 8. exf5 Nd4 9. Nc3 Nf6 10. Bg5 Nxf5 11. Bd3 h6 12. Bxf6 Qxf6 13. Qa4+ Kd8 14. O-O g6 15. Bxf5 gxf5 16. d6 Rg8 17. Qa5+ Ke8 18. d7+ Kxd7 19. Rfd1+ Ke8 20. Qc7 Qc6 21. Qxe5+ Qe6 22. Qc7 Rc8 23. Qxb7 Be7 24. Nd5 Rxg2+ 25. Kxg2 Qe4+ 26. Kg1 Qg4+ 27. Kf1 Qc4+ 28. Rd3 Qxd3+ 29. Kg1 Qe2 30. Qxc8+ Bd8 1-0

[Event "4NCL Division Four"]
[Site "Warwick, ENG"]
[Date "2024.03.10"]
[Round "8.23"]
[White "Perrett, David C"]
[Black "Bak, Andrew"]
[Result "1/2-1/2"]
[WhiteElo "2012"]
[BlackElo "2038"]
[PlyCount "55"]
[EventDate "2024.03.10"]
[WhiteTeam "The Full Ponty"]
[BlackTeam "Average Woodpushers"]

1. d4 d5 2. Nf3 Nf6 3. Bf4 c5 4. e3 Nc6 5. c3 Qb6 6. Qb3 c4 7. Qxb6 axb6 8. Nbd2 b5 9. Be2 b4 10. O-O Bf5 11. Nh4 Bd7 12. e4 e6 13. e5 Ng8 14. Be3 Be7 15. g3 Bxh4 16. gxh4 f6 17. f4 f5 18. Rfe1 Nge7 19. Kf2 O-O 20. cxb4 Nxb4 21. a3 Nbc6 22. b3 b5 23. a4 Na5 24. axb5 Bxb5 25. bxc4 Nxc4 26. Rxa8 Rxa8 27. Nxc4 Bxc4 28. Bxc4 1/2-1/2

[Event "4NCL Division Four"]
[Site "Warwick, ENG"]
[Date "2024.03.10"]
[Round "8.24"]
[White "Ackley, Peter J E"]
[Black "Fletcher, John"]
[Result "1/2-1/2"]
[WhiteElo "2101"]
[BlackElo "2003"]
[PlyCount "33"]
[EventDate "2024.03.10"]
[WhiteTeam "Average Woodpushers"]
[BlackTeam "The Full Ponty"]

1. c4 e5 2. Nc3 Nf6 3. Nf3 Nc6 4. g3 d5 5. cxd5 Nxd5 6. Bg2 Nxc3 7. bxc3 Bc5 8. O-O e4 9. Ne1 Qe7 10. d3 exd3 11. exd3 O-O 12. d4 Bb6 13. Nd3 Bf5 14. Re1 Qf6 15. Ba3 Rfe8 16. Nf4 Ba5 17. Nd5 1/2-1/2

[Event "4NCL Division Four"]
[Site "Warwick, ENG"]
[Date "2024.03.10"]
[Round "8.25"]
[White "Hughes, Anthony"]
[Black "Pelling, Kyle"]
[Result "1/2-1/2"]
[WhiteElo "1883"]
[BlackElo "2038"]
[PlyCount "43"]
[EventDate "2024.03.10"]
[WhiteTeam "The Full Ponty"]
[BlackTeam "Average Woodpushers"]

1. c4 g6 2. Nc3 Bg7 3. g3 c5 4. Bg2 Nc6 5. e4 e6 6. Nge2 Nge7 7. O-O O-O 8. d3 a6 9. a4 d6 10. Be3 Nd4 11. Rb1 Nec6 12. Bxd4 Qa5 13. f4 Rb8 14. g4 Bd7 15. Ng3 f5 16. gxf5 exf5 17. h4 h5 18. Bh3 Qd8 19. Bg2 Qxh4 20. Bf2 Qxf4 21. Nxh5 Qh6 22. Nxg7 1/2-1/2

[Event "4NCL Division Four"]
[Site "Warwick, ENG"]
[Date "2024.03.10"]
[Round "8.26"]
[White "Wong, Chun Hei"]
[Black "Dixon, Chris"]
[Result "1/2-1/2"]
[WhiteElo "2084"]
[BlackElo "1794"]
[PlyCount "68"]
[EventDate "2024.03.10"]
[WhiteTeam "Average Woodpushers"]
[BlackTeam "The Full Ponty"]

1. d4 Nf6 2. c4 g6 3. Nc3 Bg7 4. e4 O-O 5. Be2 d6 6. Be3 Nbd7 7. Nf3 e5 8. d5 Nh5 9. Nd2 Nf4 10. Bf1 Nc5 11. Qc2 a5 12. g3 Nh5 13. Bg2 Bd7 14. f3 b6 15. O-O f5 16. Bf2 Nf6 17. Kh1 fxe4 18. fxe4 Ng4 19. Bg1 Bh6 20. Rae1 Rxf1 21. Nxf1 Qe7 22. h3 Nf6 23. Be3 Bxe3 24. Rxe3 Nh5 25. Rf3 Rf8 26. Rxf8+ Qxf8 27. Qd2 Qf6 28. Qe3 Kg7 29. b3 Qf7 30. Kh2 Nf6 31. Nd2 h6 32. Bf3 Nh7 33. Bg2 Nf6 34. Bf3 Nh7 1/2-1/2

[Event "4NCL Division Four"]
[Site "Warwick, ENG"]
[Date "2024.03.10"]
[Round "8.31"]
[White "Kothari, Jai"]
[Black "Cave, Iwan"]
[Result "1-0"]
[WhiteElo "2034"]
[BlackElo "2178"]
[PlyCount "75"]
[EventDate "2024.03.10"]
[WhiteTeam "Guildford Young Guns"]
[BlackTeam "ToBeDecided"]

1. e4 e5 2. Nf3 Nf6 3. Nxe5 d6 4. Nf3 Nxe4 5. Nc3 Nxc3 6. dxc3 Be7 7. Be3 O-O 8. Qd2 Nd7 9. h4 Nf6 10. Bd3 c5 11. O-O-O b5 12. Bg5 Be6 13. Qf4 c4 14. Bxf6 Bxf6 15. Be4 Rb8 16. Ng5 Be5 17. Qf3 g6 18. Qe3 Qb6 19. Qxb6 Rxb6 20. g3 Bf6 21. f4 Re8 22. Rde1 Bxg5 23. hxg5 Rd8 24. Rh6 d5 25. Bf3 Kg7 26. g4 f6 27. gxf6+ Kxf6 28. Rxh7 Rd7 29. Rxd7 Bxd7 30. Re5 Re6 31. g5+ Ke7 32. Kd2 Rxe5 33. fxe5 Bc6 34. Ke3 a6 35. Kd4 Ke6 36. Bg4+ Ke7 37. Kc5 Ba8 38. Kb6 1-0

[Event "4NCL Division Four"]
[Site "Warwick, ENG"]
[Date "2024.03.10"]
[Round "8.32"]
[White "Gurner, Jem"]
[Black "Sefton, Adam"]
[Result "1-0"]
[WhiteElo "2102"]
[BlackElo "1854"]
[PlyCount "63"]
[EventDate "2024.03.10"]
[WhiteTeam "ToBeDecided"]
[BlackTeam "Guildford Young Guns"]

1. d4 Nf6 2. c4 e6 3. Nf3 c5 4. d5 exd5 5. cxd5 b5 6. a4 b4 7. Bg5 h6 8. Bh4 d6 9. e3 g6 10. Bb5+ Bd7 11. Bc4 Bg7 12. Nbd2 Qe7 13. O-O O-O 14. Re1 Bg4 15. h3 Bxf3 16. Qxf3 Nbd7 17. e4 Rfe8 18. Bb5 Ne5 19. Qe2 Red8 20. f4 Ned7 21. Bc6 Rac8 22. e5 Re8 23. Nc4 g5 24. fxg5 hxg5 25. Bxg5 dxe5 26. Rf1 Red8 27. Bxd7 Rxd7 28. Bxf6 Bxf6 29. Rxf6 Rxd5 30. Qg4+ Kh7 31. Qf5+ Kg7 32. Rf1 1-0

[Event "4NCL Division Four"]
[Site "Warwick, ENG"]
[Date "2024.03.10"]
[Round "8.33"]
[White "Welling, Zac"]
[Black "Rathbone-Jones, Ifan"]
[Result "0-1"]
[WhiteElo "1867"]
[BlackElo "2101"]
[PlyCount "84"]
[EventDate "2024.03.10"]
[WhiteTeam "Guildford Young Guns"]
[BlackTeam "ToBeDecided"]

1. e4 c5 2. Nc3 e6 3. f4 a6 4. Nf3 b5 5. d3 Bb7 6. g3 b4 7. Ne2 f5 8. Nd2 Nf6 9. Bg2 Ng4 10. Nc4 d5 11. Ne3 Nxe3 12. Bxe3 Nd7 13. e5 Qc7 14. Bf2 Nb6 15. O-O Rg8 16. c3 a5 17. cxb4 axb4 18. a3 bxa3 19. Rxa3 Rxa3 20. bxa3 Nd7 21. Qc2 Kf7 22. Rb1 Be7 23. a4 Bc6 24. Nc3 Ra8 25. Qb3 Qa5 26. Nxd5 Rb8 27. Nxe7 Rxb3 28. Rxb3 Bxg2 29. Kxg2 Kxe7 30. Rb5 Qa8+ 31. Kh3 Qxa4 32. Bxc5+ Ke8 33. Rb4 Nxc5 34. Rxa4 Nxa4 35. d4 Nc3 36. Kh4 Kf7 37. g4 Kg6 38. h3 Ne2 39. d5 exd5 40. e6 Nxf4 41. gxf5+ Kxf5 42. e7 Ng6+ 0-1

[Event "4NCL Division Four"]
[Site "Warwick, ENG"]
[Date "2024.03.10"]
[Round "8.34"]
[White "Larkin, Benjamin"]
[Black "Twisk, Sebastian"]
[Result "1/2-1/2"]
[WhiteElo "2127"]
[BlackElo "1902"]
[PlyCount "115"]
[EventDate "2024.03.10"]
[WhiteTeam "ToBeDecided"]
[BlackTeam "Guildford Young Guns"]

1. e4 c6 2. Nc3 d5 3. d4 dxe4 4. Nxe4 Bf5 5. Ng3 Bg6 6. N1e2 Nd7 7. Nf4 e5 8. Qe2 Qe7 9. Nxg6 hxg6 10. dxe5 Nxe5 11. Bf4 Qb4+ 12. Bd2 Qxb2 13. Rd1 O-O-O 14. Qe3 Rxd2 15. Rxd2 Bb4 16. f4 Qc1+ 17. Ke2 Qxd2+ 18. Qxd2 Bxd2 19. Kxd2 Ng4 20. Bc4 N8h6 21. Re1 Nf6 22. Kc3 Kd7 23. a4 Re8 24. Rxe8 Nxe8 25. Ne4 Nd6 26. Nc5+ Kc7 27. Bb3 Nhf5 28. Kd3 b6 29. Ne4 Nxe4 30. Kxe4 Nd6+ 31. Ke5 Kd7 32. g4 a6 33. h4 b5 34. Kd4 f6 35. c3 Nb7 36. axb5 cxb5 37. g5 fxg5 38. fxg5 Nd6 39. Ke5 Nc8 40. Be6+ Kd8 41. Bf7 Ne7 42. h5 gxh5 43. Bxh5 Kd7 44. Bg4+ Kc6 45. Ke6 Ng6 46. Bf5 Nf8+ 47. Kf7 a5 48. Kxg7 a4 49. Bb1 Ne6+ 50. Kf6 Nxg5 51. Kxg5 Kd5 52. Ba2+ Ke4 53. c4 b4 54. c5 b3 55. Bxb3 axb3 56. c6 b2 57. c7 b1=Q 58. c8=Q 1/2-1/2

[Event "4NCL Division Four"]
[Site "Warwick, ENG"]
[Date "2024.03.10"]
[Round "8.35"]
[White "Butcher, Nathaniel"]
[Black "Honey, Luke Anthony"]
[Result "0-1"]
[WhiteElo "1498"]
[BlackElo "1999"]
[PlyCount "106"]
[EventDate "2024.03.10"]
[WhiteTeam "Guildford Young Guns"]
[BlackTeam "ToBeDecided"]

1. c4 e5 2. Nc3 Bb4 3. g3 Bxc3 4. bxc3 Nc6 5. Bg2 d6 6. e4 Nge7 7. Ne2 Be6 8. d3 O-O 9. O-O f5 10. f4 fxe4 11. Bxe4 Bg4 12. Qc2 Qd7 13. Be3 Kh8 14. Qd2 Qe6 15. Rab1 Rab8 16. fxe5 Rxf1+ 17. Rxf1 dxe5 18. Qb2 a6 19. Bc5 b6 20. Be3 Bf5 21. Bxf5 Nxf5 22. Qd2 h6 23. a3 Rd8 24. Bf2 Qxc4 25. Qxh6+ Nxh6 26. dxc4 Ng4 27. c5 b5 28. h3 Nxf2 29. Kxf2 Rd5 30. Ke3 Rxc5 31. Rf8+ Kh7 32. Ra8 a5 33. Ke4 Kg6 34. h4 Kf6 35. Ra6 Ke6 36. Ra8 Rc4+ 37. Kd3 Ra4 38. Rg8 Kf6 39. Rc8 Rc4 40. Kd2 Ne7 41. Rb8 c6 42. Kc2 Ra4 43. Kb3 Re4 44. Rf8+ Ke6 45. Rf2 Nd5 46. Ng1 Re3 47. Rf3 a4+ 48. Kc2 e4 49. Rxe3 Nxe3+ 50. Kb2 Nc4+ 51. Ka2 e3 52. g4 Ke5 53. g5 Kf4 0-1

[Event "4NCL Division Four"]
[Site "Warwick, ENG"]
[Date "2024.03.10"]
[Round "8.36"]
[White "Davies, Callum"]
[Black "Jennis, Alistair"]
[Result "1/2-1/2"]
[WhiteElo "1696"]
[BlackElo "1486"]
[PlyCount "81"]
[EventDate "2024.03.10"]
[WhiteTeam "ToBeDecided"]
[BlackTeam "Guildford Young Guns"]

1. e4 c5 2. Nc3 Nc6 3. g3 g6 4. Bg2 Bg7 5. d3 e6 6. Nge2 Nge7 7. O-O O-O 8. Be3 d6 9. Qd2 Rb8 10. Bh6 b5 11. Bxg7 Kxg7 12. Nd1 d5 13. Qc3+ d4 14. Qxc5 e5 15. c3 dxc3 16. Qxc3 Be6 17. Ne3 Rc8 18. Qd2 Nd4 19. b3 Nxe2+ 20. Qxe2 Qd4 21. Rac1 Rfd8 22. Rxc8 Rxc8 23. Rd1 a5 24. h4 a4 25. bxa4 Qxa4 26. Qb2 f6 27. a3 Nc6 28. Rc1 Nd4 29. Rxc8 Bxc8 30. Kh2 Be6 31. Bh3 Nf3+ 32. Kg2 Ne1+ 33. Kf1 Nxd3 34. Qc3 Bxh3+ 35. Ke2 Qxe4 36. f3 Bf1+ 37. Kd2 Qxf3 38. Nxf1 e4 39. Qa1 Qf2+ 40. Kc3 Qc5+ 41. Kd2 1/2-1/2

[Event "4NCL Division Four"]
[Site "Warwick, ENG"]
[Date "2024.03.10"]
[Round "8.41"]
[White "Wedge, David C"]
[Black "Pink, Joshua"]
[Result "1-0"]
[WhiteElo "1882"]
[BlackElo "1823"]
[PlyCount "59"]
[EventDate "2024.03.10"]
[WhiteTeam "Oxford 3"]
[BlackTeam "Coventry"]

1. e4 c6 2. d4 d5 3. Nd2 dxe4 4. Nxe4 Bf5 5. Ng3 Bg6 6. Nf3 Nd7 7. Bd3 e6 8. h4 Ngf6 9. h5 Bxd3 10. Qxd3 Bd6 11. h6 Bxg3 12. fxg3 g6 13. Bf4 Qa5+ 14. c3 O-O-O 15. b4 Qa3 16. Ne5 Qb2 17. O-O Nxe5 18. Bxe5 Nd5 19. Bxh8 Rxh8 20. Rae1 Rf8 21. Rxe6 Nxc3 22. Re7 Nxa2 23. Qe3 Qxb4 24. Rfxf7 Rd8 25. Rxh7 Qb1+ 26. Kh2 Qb5 27. Qe6+ Kb8 28. Rxb7+ Qxb7 29. Rxb7+ Kxb7 30. Qxa2 1-0

[Event "4NCL Division Four"]
[Site "Warwick, ENG"]
[Date "2024.03.10"]
[Round "8.42"]
[White "Ireland, David J"]
[Black "Terry, Sean"]
[Result "0-1"]
[WhiteElo "1851"]
[BlackElo "1920"]
[PlyCount "88"]
[EventDate "2024.03.10"]
[WhiteTeam "Coventry"]
[BlackTeam "Oxford 3"]

1. c4 e5 2. Nc3 Nc6 3. Nf3 Nf6 4. g3 d6 5. Bg2 Be6 6. d3 h6 7. O-O Qd7 8. Re1 Be7 9. e3 O-O 10. Qe2 Bg4 11. a3 a5 12. b3 d5 13. cxd5 Nxd5 14. Nxd5 Qxd5 15. h3 Bh5 16. g4 Bg6 17. Nd4 Nxd4 18. exd4 Qxb3 19. Be4 f5 20. gxf5 Bxf5 21. Bxf5 Rxf5 22. Qg4 Qf7 23. Bxh6 Rf6 24. Bg5 Rg6 25. Rxe5 Bxg5 26. Rxg5 Rxg5 27. Qxg5 Rf8 28. Rf1 Qe6 29. Qe3 Qd6 30. Rc1 c6 31. Rc5 a4 32. Rg5 Qxa3 33. Qe6+ Rf7 34. Ra5 Qc1+ 35. Kg2 Qf4 36. Ra8+ Kh7 37. Qe4+ Qxe4+ 38. dxe4 b5 39. Ra6 Rb7 40. f4 Rd7 41. Rxc6 Rxd4 42. Kf3 a3 43. e5 Rc4 44. Ra6 Ra4 0-1

[Event "4NCL Division Four"]
[Site "Warwick, ENG"]
[Date "2024.03.10"]
[Round "8.43"]
[White "Evans, Christopher J"]
[Black "Graff, Ben"]
[Result "0-1"]
[WhiteElo "1724"]
[BlackElo "1759"]
[PlyCount "62"]
[EventDate "2024.03.10"]
[WhiteTeam "Oxford 3"]
[BlackTeam "Coventry"]

1. e4 Nc6 2. d4 d5 3. e5 Bf5 4. g4 Bg6 5. h4 h5 6. e6 Nf6 7. g5 Ne4 8. Bd3 Qd6 9. exf7+ Bxf7 10. c3 O-O-O 11. Qf3 Bg6 12. Ne2 e5 13. Be3 Kb8 14. Na3 a6 15. Nc2 Be7 16. b4 Rhf8 17. Qg2 Nxc3 18. Bxg6 Nxe2 19. Bxh5 Nexd4 20. Rc1 Nxc2+ 21. Rxc2 Qxb4+ 22. Bd2 Qb1+ 23. Rc1 Qxa2 24. Bg6 Bb4 25. Bxb4 Nxb4 26. O-O Rf4 27. Qg3 Rdf8 28. Qc3 Qc4 29. Qxe5 Rg4+ 30. Kh2 Rxh4+ 31. Kg2 Rg4+ 0-1